000 00378nam a2200145Ia 4500
008 240624s9999 xx 000 0 und d
041 _aeng
082 _a332.63
100 _aBLESSING SONA
245 _aALTERNATIVE ALTERNATIVES RISK RETURNS AN
250 _a11
260 _c2011
_aUnited Kingdom
_bJohn Wiley & Sons
300 _axxii, : 242 : p. : cm. ; 23
365 _c
_b27
999 _c17644
_d17644